1903 1447 1526 1043 1137 1173 1674 1038 1482 1437 1320 1574 1119 1998 1054 1256 1003 1166 1638 1693 1874 1010 1161 1055 1121 1776 1149 1019 1719 1695 1255 1730 1655 1789 1106 1069 1348 1527 1129 1153 1073 1693 1278 1491 1730 1769 1137 1244 1395 1085 1515 1481 1234 1372 1590 1614 1453 1886 1020 1728 1563 1736 1996 1492 1014 1892 1732 1391 1380 1329 1288 1633 1251 1473 1896 1021 1697 1157 1739 1082 1227 1281 1346 1926 1436 1697 1198 1466 1849 1721 1139 1202 1500 1529 1009 1991 1585 1196 1945 BCNSPRNW ULIB Ver.6.0+V

เปลี่ยนเป็นภาษาไทย

Change to English
 แสดงรายละเอียดบรรณานุกรม
  กลับหน้าหลัก

Brief Record : Get Marc (ISO 2709) : E-mail record : QR code < ปิดหน้าต่าง
LEADER : 00000nam 2200000uu 4500
001    13399120975
003     ULIB
008    020711s2548 th a 000 0 tha d
020    9749818296
090    นว.^bม452ร
100    Anthony Ramsey
245    รู้ไหมหัวใจฉัน คือเธอ
260    กรุงเทพฯ :^bแสงดาว,^c2548
300    283 หน้า
710 1  แสงดาว
945    ^p180^l0^i24564
999    ^aทศพร เกษรทอง
รายการนี้ยังไม่มีแท็ก
คุณยังไม่ได้ล็อกอิน คุณสามารถมีกิจกรรมร่วมกับเว็บไซต์ได้ แต่ต้องล็อกอินก่อน ::
  ล็อกอิน

รายการสื่อสารสนเทศ

ลำดับที่ ประเภท เลขเรียก/บาร์โค้ด สถานที่ สถานะ
1. วิทยาศาสตร์การแพทย์ และสุขภาพ
วิทยาศาสตร์การแพทย์ และสุขภาพ
นว. ม452ร  
  Barcode: 24564
ห้องสมุดวิทยาเขตสวรรค์ประชารักษ์
►หนังสือทั่วไป
บนชั้น

BibComment


ยังไม่เคยถูกคอมเมนท์

คอมเมนท์ทรัพยากรรายการนี้
  คอมเมนท์: รู้ไหมหัวใจฉัน คื..


 Copyright 2026. Bcnsprnw @Library